Castellano Paraguayo : (Registro nro. 2976)

000 -CABECERA
campo de control de longitud fija 00805nam a2200205 4500
005 - FECHA Y HORA DE LA ÚLTIMA TRANSACCIÓN
campo de control 20211125020359.0
008 - DATOS DE LONGITUD FIJA--INFORMACIÓN GENERAL
campo de control de longitud fija 211125s1976 spa |||fr|||| 001 0 spa d
040 ## - FUENTE DE LA CATALOGACIÓN
Centro catalogador/agencia de origen CENDOC CAAAP
Lengua de catalogación spa
Centro/agencia transcriptor CAAAP
041 ## - CÓDIGO DE LENGUA
Código de lengua del texto/banda sonora o título independiente spa
050 ## - SIGNATURA TOPOGRÁFICA DE LA BIBLIOTECA DEL CONGRESO
Número de clasificación PC 4899
Número de documento/Ítem .U98
100 ## - ENTRADA PRINCIPAL--NOMBRE DE PERSONA
9 (RLIN) 4483
Nombre personal Usher de Herreros, Beatriz
245 1# - MENCIÓN DE TÍTULO
Título Castellano Paraguayo :
Subtitulo notas para una gramatica contrastiva castellano-guaraní /
Mención de responsabilidad, etc. Beatriz Usher de Herreros
250 ## - MENCIÓN DE EDICIÓN
Mención de edición 1ra. ed.
260 ## - PUBLICACIÓN, DISTRIBUCIÓN, ETC.
Lugar de publicación, distribución, etc. Asunción :
Nombre del editor, distribuidor, etc. Centro de Estudios Antropológicos,
Fecha de publicación, distribución, etc. 1976
300 ## - DESCRIPCIÓN FÍSICA
Extensión 123 p.
505 1# - NOTA DE CONTENIDO CON FORMATO
Nota de contenido con formato Contiene : Los accidentes gramaticales y la corcondancia -- Artículos, adjetivos, pronombres, El verbo -- Formas no personales del verbo:: los participios ha y va
650 10 - PUNTO DE ACCESO ADICIONAL DE MATERIA--TÉRMINO DE MATERIA
9 (RLIN) 4358
Término de materia o nombre geográfico como elemento de entrada Gramática
650 20 - PUNTO DE ACCESO ADICIONAL DE MATERIA--TÉRMINO DE MATERIA
9 (RLIN) 4391
Término de materia o nombre geográfico como elemento de entrada Morfología
942 ## - ELEMENTOS PERSONALIZADOS KOHA
Fuente del sistema de clasificación o colocación
Fecha de catalogación 25 - 11 - 21
Tipo de ítem Koha Libros
Existencias
Fuente del sistema de clasificación o colocación Localización permanente Ubicación/localización actual Fecha de adquisición Número de inventario Total de préstamos Signatura LC Fecha visto por última vez Tipo de ítem Koha
  CENTRO DE DOCUMENTACIÓN (CENDOC) CENTRO DE DOCUMENTACIÓN (CENDOC) 11/25/2021 001912   PC 4899 .592 11/25/2021 Libros
Centro de Documentación CAAAP | AV. Manuel González Prada 626, Magdalena del Mar | (51-1) 4615223 Anexo 205 y 209 | cendoc@caaap.org.pe